[Event "Mercredi 2023.10.18 ABCD"]
[Site "Montreal CAN"]
[Date "2023.11.15"]
[Round "5"]
[White "Deboosere, Adam"]
[Black "Di Matteo, Alessio"]
[Result "0-1"]
[WhiteElo "2012"]
[BlackElo "2066"]
[PlyCount "138"]
[EventDate "2023.10.18"]
[EventType "tourn"]
[EventRounds "5"]
[EventCountry "CAN"]

1. e4 c5 2. Nf3 e6 3. d4 cxd4 4. Nxd4 a6 5. c4 Nf6 6. Nc3 Qc7 7. a3 b6 8. Be3
Bb7 9. f3 Nc6 10. Be2 Be7 11. O-O O-O 12. Qd2 Rab8 13. b4 Ne5 14. Rac1 Ng6 15.
Kh1 Nh5 16. Rfd1 Nhf4 17. Bf1 Kh8 18. Nde2 Nxe2 19. Nxe2 d6 20. Nc3 f5 21. Bd3
f4 22. Bd4 Ne5 23. Bf1 Ba8 24. Bxe5 dxe5 25. Qd7 Qxd7 26. Rxd7 Rfe8 27. Rcd1 a5
28. bxa5 bxa5 29. a4 Bc6 30. Rc7 Rbc8 31. Rxc8 Rxc8 32. g3 g5 33. Bh3 Rf8 34.
Kg2 Rf6 35. Rb1 Bb4 36. Na2 Bc5 37. Rb8+ Rf8 38. Rb2 Re8 39. Nc3 Bd4 40. Rc2
Kg7 41. Nb5 Be3 42. Nc7 Rb8 43. Nxe6+ Kf6 44. Nc7 Rb1 45. Bf5 Rg1+ 46. Kh3 Bxa4
47. Nd5+ Kf7 48. Ra2 Bd1 49. Bg4 a4 50. Bh5+ Ke6 51. Ra3 Bd4 52. Be8 fxg3 53.
hxg3 Bf2 54. f4 g4+ 55. Kh2 Bf3 56. f5+ Kd6 57. c5+ Kxc5 58. Rxf3 gxf3 59. f6
Rg2+ 60. Kh3 Rxg3+ 61. Kh2 Rg2+ 62. Kh3 Rg3+ 63. Kh2 Rg5 64. Kh3 Rg8 65. f7 Rf8
66. Kg4 Bd4 67. Kxf3 a3 68. Nf6 Kd6 69. Nxh7 Ke7 0-1

[Event "Mercredi 2023.10.18 ABCD"]
[Site "Montreal CAN"]
[Date "2023.11.15"]
[Round "5"]
[White "Genzling, Jerome"]
[Black "Adam, Rafael"]
[Result "1-0"]
[WhiteElo "2133"]
[BlackElo "2185"]
[PlyCount "113"]
[EventDate "2023.10.18"]
[EventType "tourn"]
[EventRounds "5"]
[EventCountry "CAN"]

1. e4 c6 2. Nf3 d5 3. Nc3 Bg4 4. h3 Bxf3 5. Qxf3 e6 6. Be2 Bc5 7. O-O Nf6 8. b3
O-O 9. Bb2 Bd4 10. exd5 cxd5 11. Rad1 Nc6 12. Ba3 Re8 13. Nb5 Qa5 14. b4 Qb6
15. c3 Be5 16. d4 Bb8 17. Bc1 Ne4 18. Rde1 a6 19. Na3 a5 20. b5 Ne7 21. Nb1 Ng6
22. Bd3 f5 23. g3 Rf8 24. Qg2 e5 25. dxe5 Bxe5 26. Be3 Qd6 27. f4 Bf6 28. c4
Rae8 29. Kh2 Kh8 30. cxd5 Qxd5 31. Rd1 Qf7 32. Rfe1 h6 33. Bb6 a4 34. Re2 Nd6
35. Bc5 Rd8 36. Red2 Rfe8 37. Bxd6 Rxd6 38. Bxf5 Rxd2 39. Rxd2 Re1 40. Na3 Ne7
41. Bc2 Ng8 42. Bxa4 Qe7 43. Nc2 Rc1 44. Bb3 Bc3 45. Re2 Qd7 46. Qd5 Qc8 47.
Qe6 Qxe6 48. Rxe6 Nf6 49. Rb6 Ne4 50. Rxb7 Nd2 51. Rc7 Ba5 52. Rc6 Rf1 53. Kg2
Rb1 54. Nd4 Rb2 55. Rc2 Rb1 56. Rc8+ Kh7 57. Bc2+ 1-0

[Event "Mercredi 2023.10.18 ABCD"]
[Site "Montreal CAN"]
[Date "2023.11.14"]
[Round "5"]
[White "Guillemette, Hugo"]
[Black "Bain-Thouverez, Aurelien"]
[Result "1-0"]
[WhiteElo "2023"]
[BlackElo "1987"]
[PlyCount "63"]
[EventDate "2023.10.18"]
[EventType "tourn"]
[EventRounds "5"]
[EventCountry "CAN"]

1. e4 Nf6 2. e5 Nd5 3. d4 d6 4. c4 Nb6 5. exd6 cxd6 6. Nc3 g6 7. Be3 Bg7 8. Rc1
O-O 9. b3 e5 10. Nf3 f5 11. dxe5 dxe5 12. Qxd8 Rxd8 13. Bg5 Rf8 14. Nb5 Nc6 15.
Nc7 h6 16. c5 Nd7 17. Bc4+ Kh8 18. Nxa8 e4 19. Nh4 Kh7 20. Bf4 Nde5 21. Nxg6
Kxg6 22. Nc7 Nd4 23. Nd5 Ne6 24. Ne7+ Kf7 25. Bxe5 Bxe5 26. Nxf5 Kf6 27. Ng3
Ng5 28. h4 e3 29. hxg5+ hxg5 30. Ne4+ Kg7 31. f3 g4 32. Ke2 1-0

[Event "Mercredi 2023.10.18 ABCD"]
[Site "Montreal CAN"]
[Date "2023.11.15"]
[Round "5"]
[White "Landry, Sylvain"]
[Black "Li, Yi Lin"]
[Result "0-1"]
[WhiteElo "1889"]
[BlackElo "1982"]
[PlyCount "60"]
[EventDate "2023.10.18"]
[EventType "tourn"]
[EventRounds "5"]
[EventCountry "CAN"]

1. e4 c5 2. Nf3 d6 3. d4 cxd4 4. Nxd4 Nf6 5. Nc3 a6 6. h3 e6 7. g4 b5 8. Bg2
Bb7 9. g5 Nfd7 10. f4 b4 11. Nce2 Nb6 12. b3 d5 13. e5 g6 14. Be3 h6 15. f5
exf5 16. e6 hxg5 17. exf7+ Kxf7 18. Qd2 Be7 19. Rf1 Bc8 20. O-O-O a5 21. Kb1
Ra6 22. Nc1 Na8 23. Nd3 Nc7 24. Ne5+ Kg7 25. Qd3 Bf6 26. Nef3 Nd7 27. Qd2 f4
28. Bf2 Nc5 29. Nf5+ Bxf5 30. Bxc5 Rc6 0-1

[Event "Mercredi 2023.10.18 ABCD"]
[Site "Montreal CAN"]
[Date "2023.11.15"]
[Round "5"]
[White "Morin-Pare, Victor"]
[Black "Singher, Jean-Pierre"]
[Result "0-1"]
[WhiteElo "1893"]
[BlackElo "1969"]
[PlyCount "50"]
[EventDate "2023.10.18"]
[EventType "tourn"]
[EventRounds "5"]
[EventCountry "CAN"]

1. d4 Nf6 2. Nc3 d5 3. Bf4 c5 4. e3 cxd4 5. exd4 a6 6. Bd3 Nc6 7. Nge2 Bg4 8.
f3 Bh5 9. a3 Bg6 10. O-O e6 11. Na2 Nh5 12. Be3 Bd6 13. Nac1 e5 14. Qe1 e4 15.
fxe4 dxe4 16. Bc4 O-O 17. c3 Kh8 18. Nf4 Nxf4 19. Bxf4 Bxf4 20. Rxf4 Qc7 21.
Qf1 Rad8 22. Ba2 Qb6 23. b4 Nxd4 24. Qf2 e3 25. Qxe3 Ne2+ 0-1

[Event "Mercredi 2023.10.18 ABCD"]
[Site "Montreal CAN"]
[Date "2023.11.15"]
[Round "5"]
[White "Pomerantz, Daniel"]
[Black "Latorre, Vincent"]
[Result "0-1"]
[WhiteElo "2123"]
[BlackElo "2219"]
[PlyCount "94"]
[EventDate "2023.10.18"]
[EventType "tourn"]
[EventRounds "5"]
[EventCountry "CAN"]

1. e4 e5 2. Nf3 Nc6 3. Bb5 a6 4. Ba4 d6 5. Nc3 Bd7 6. Bxc6 Bxc6 7. d4 Nf6 8.
Qe2 exd4 9. Nxd4 Bd7 10. f3 Be7 11. Be3 O-O 12. O-O-O b5 13. g4 b4 14. Nd5 Nxd5
15. exd5 Re8 16. Qd3 Bf8 17. Rhe1 Re5 18. Qc4 g6 19. Bd2 Bg7 20. Bxb4 Rxe1 21.
Bxe1 Bb5 22. Nxb5 axb5 23. Qb3 Qf6 24. Kb1 h6 25. a3 Kh7 26. Rd3 Qf4 27. Bc3
Qxh2 28. Bxg7 Kxg7 29. Qc3+ Qe5 30. Qxc7 b4 31. Qc4 bxa3 32. Rxa3 Rxa3 33. bxa3
h5 34. gxh5 gxh5 35. a4 Qg3 36. Qc3+ Kg6 37. a5 h4 38. a6 h3 39. Qd3+ f5 40. a7
Qg1+ 41. Kb2 Qxa7 42. Qf1 Qg7+ 43. c3 Qh6 44. f4 h2 45. Qg2+ Kf7 46. Qh1 Qxf4
47. Qe1 Qe4 0-1

[Event "Mercredi 2023.11.22 ABCD"]
[Site "Montreal CAN"]
[Date "2023.11.22"]
[Round "1"]
[White "Adam, Rafael"]
[Black "Genzling, Jerome"]
[Result "0-1"]
[WhiteElo "2211"]
[BlackElo "2124"]
[PlyCount "138"]
[EventDate "2023.11.22"]
[EventType "tourn"]
[EventRounds "5"]
[EventCountry "CAN"]

1. d4 d5 2. c4 e6 3. g3 dxc4 4. Bg2 Nc6 5. Nf3 Rb8 6. O-O Nf6 7. Nc3 a6 8. e4
b5 9. d5 Nb4 10. Ne5 Bd6 11. f4 Bc5+ 12. Kh1 Bb7 13. a3 Nd3 14. Nxd3 cxd3 15.
Qxd3 O-O 16. b4 Bb6 17. Bb2 Ng4 18. Nd1 exd5 19. exd5 Qd6 20. h3 Rfe8 21. Qf5
Ne3 22. Nxe3 Rxe3 23. Qg4 f6 24. Rad1 Rbe8 25. Rd2 Bc8 26. Qh4 Re2 27. Qh5 Qe7
28. d6 cxd6 29. Qd5+ Kh8 30. Rxe2 Qxe2 31. Bd4 Bxd4 32. Qxd4 Bb7 33. Qf2 Bxg2+
34. Kxg2 Qd3 35. Re1 Rc8 36. Qe3 Rc2+ 37. Kg1 Qxe3+ 38. Rxe3 Kg8 39. Rd3 Rc6
40. Kf2 Kf7 41. f5 Ke7 42. Ke3 Rc1 43. Kd4 h5 44. Ke4 Rh1 45. h4 Kd7 46. Kf4
Rc1 47. Re3 Rc4+ 48. Kf3 d5 49. Kf2 Rc2+ 50. Kf3 Rc1 51. Kf2 Rc4 52. Kf3 a5 53.
bxa5 Ra4 54. Rb3 Rxa5 55. g4 hxg4+ 56. Kxg4 Ra4+ 57. Kh5 Kc6 58. Rc3+ Kd6 59.
Rb3 Kc5 60. Rc3+ Kd4 61. Rg3 Ra7 62. Kg6 Kc4 63. h5 d4 64. h6 gxh6 65. Kxf6 d3
66. Rg8 Rd7 67. Rg1 d2 68. Rd1 Kd3 69. Ke6 Ra7 0-1

[Event "Mercredi 2023.11.22 ABCD"]
[Site "Montreal CAN"]
[Date "2023.11.22"]
[Round "1"]
[White "Batorshyn, Ilia	"]
[Black "Pomerantz, Daniel"]
[Result "0-1"]
[WhiteElo "2226"]
[BlackElo "2116"]
[PlyCount "216"]
[EventDate "2023.11.22"]
[EventType "tourn"]
[EventRounds "5"]
[EventCountry "CAN"]

1. d4 Nf6 2. c4 e6 3. Nc3 Bb4 4. e3 O-O 5. a3 Bxc3+ 6. bxc3 c5 7. Bd3 Nc6 8.
Rb1 b6 9. Ne2 Ba6 10. e4 Ne8 11. O-O Na5 12. f4 f5 13. exf5 exf5 14. dxc5 bxc5
15. Ng3 g6 16. Be2 Nf6 17. Qd6 Bxc4 18. Bxc4+ Nxc4 19. Qxc5 Rc8 20. Qd4 d5 21.
Qxa7 Rf7 22. Qd4 Qe8 23. Bd2 Ne4 24. Be1 Nxa3 25. Rc1 Nc4 26. Ne2 Qe6 27. Qd3
Nf6 28. Bf2 Qe4 29. Qxe4 dxe4 30. Bd4 Nd2 31. Rfe1 Nb3 32. Rcd1 Nxd4 33. Rxd4
Rd7 34. Red1 Rcd8 35. Rxd7 Rxd7 36. Rxd7 Nxd7 37. Kf2 Kf7 38. Ke3 Ke6 39. Kd4
Kd6 40. g4 fxg4 41. Ng3 Ke6 42. c4 h5 43. c5 h4 44. Nxe4 Kf5 45. c6 Nb6 46. Kc5
Kxe4 47. Kxb6 g3 48. hxg3 hxg3 49. c7 g2 50. c8=Q g1=Q+ 51. Kb7 Qb1+ 52. Ka7
Qa2+ 53. Kb6 Qb3+ 54. Ka6 Qd3+ 55. Ka7 Qd4+ 56. Ka6 Qd6+ 57. Ka7 Kxf4 58. Qc1+
Kf5 59. Qc2+ Kf6 60. Qf2+ Kg7 61. Qg2 Qf6 62. Kb7 g5 63. Qe4 Qf7+ 64. Kc8 Kh6
65. Qh1+ Kg6 66. Qc6+ Qf6 67. Qe8+ Kf5 68. Qb5+ Qe5 69. Qd3+ Qe4 70. Qf1+ Kg6
71. Qg1 Qc4+ 72. Kd7 Qd5+ 73. Ke7 Qe4+ 74. Kd7 g4 75. Qb6+ Kg5 76. Qd8+ Kf4 77.
Qc7+ Kf3 78. Qc3+ Qe3 79. Qc6+ Kf2 80. Qc2+ Ke1 81. Qb1+ Ke2 82. Qh1 Qd3+ 83.
Ke7 Qe3+ 84. Kd7 Qd2+ 85. Ke6 Qe3+ 86. Kd7 g3 87. Qg2+ Kd1 88. Qf1+ Kc2 89.
Qc4+ Kd2 90. Qa2+ Ke1 91. Qb1+ Ke2 92. Qb7 Qd4+ 93. Ke6 Qg4+ 94. Ke5 Qg5+ 95.
Ke6 Qe3+ 96. Kd6 Qf4+ 97. Ke6 Qg4+ 98. Ke5 g2 99. Qb2+ Kf1 100. Qb1+ Kf2 101.
Qb6+ Kg3 102. Qe3+ Qf3 103. Qg1 Qf2 104. Qc1 g1=Q 105. Qg5+ Kh2 106. Qh6+ Kg2
107. Qc6+ Kf1 108. Qc4+ Qe2+ 0-1

[Event "Mercredi 2023.11.22 ABCD"]
[Site "Montreal CAN"]
[Date "2023.11.22"]
[Round "1"]
[White "Beaulieu, Pierre"]
[Black "Nardone, Raul"]
[Result "1-0"]
[WhiteElo "1814"]
[BlackElo "1755"]
[PlyCount "71"]
[EventDate "2023.11.22"]
[EventType "tourn"]
[EventRounds "5"]
[EventCountry "CAN"]

1. Nf3 Nf6 2. b3 g6 3. Bb2 Bg7 4. e3 d6 5. d4 Bg4 6. Be2 O-O 7. Nbd2 Nc6 8. c4
Re8 9. h3 Bc8 10. a3 a5 11. Qc2 e5 12. dxe5 dxe5 13. Rd1 Qe7 14. O-O Bf5 15. e4
Bc8 16. Rfe1 Nh5 17. Bf1 Nf4 18. Kh2 g5 19. g3 Ng6 20. Nb1 g4 21. Ng1 Nd4 22.
Bxd4 exd4 23. hxg4 Ne5 24. f3 Ra6 25. Be2 Rh6+ 26. Kg2 c5 27. Nd2 b6 28. Nf1
Bb7 29. Bd3 Qd7 30. Nh2 Nxd3 31. Qxd3 Rhe6 32. Nh3 Rh6 33. Nf4 Be5 34. g5 Rc6
35. Ng4 Bxf4 36. gxf4 1-0

[Event "Mercredi 2023.11.22 ABCD"]
[Site "Montreal CAN"]
[Date "2023.11.22"]
[Round "1"]
[White "Cardin, Guillaume"]
[Black "Lima-Barbosa, Raphael"]
[Result "1/2-1/2"]
[WhiteElo "2064"]
[BlackElo "2052"]
[PlyCount "163"]
[EventDate "2023.11.22"]
[EventType "tourn"]
[EventRounds "5"]
[EventCountry "CAN"]

1. d4 Nf6 2. c4 g6 3. Nc3 Bg7 4. e4 d6 5. Nf3 O-O 6. Be2 e5 7. Be3 Bg4 8. O-O
Bxf3 9. Bxf3 exd4 10. Bxd4 Nc6 11. Be3 Nd7 12. Qd2 Re8 13. Bg5 Bxc3 14. bxc3 f6
15. Bh6 Qe7 16. Rab1 Rab8 17. h4 Nde5 18. Be2 Nf7 19. Be3 Qxe4 20. h5 Kg7 21.
h6+ Kg8 22. c5 Nce5 23. Rb4 Qf5 24. cxd6 Nxd6 25. Bxa7 Rbd8 26. Be3 b6 27. Rd1
Qe6 28. Bb5 Nxb5 29. Qxd8 Rxd8 30. Rxd8+ Kf7 31. Rxb5 Ng4 32. Rbd5 g5 33. Rd3
Qxa2 34. g3 Qb1+ 35. Kg2 Ne5 36. R3d5 Qe4+ 37. Kg1 Kg6 38. Bd4 Qe1+ 39. Kg2
Qe4+ 40. Kg1 Nf3+ 41. Kf1 Nd2+ 42. Kg1 Nf3+ 43. Kf1 Nd2+ 44. Kg1 Qe1+ 45. Kh2
Nf3+ 46. Kg2 g4 47. Rg8+ Kf7 48. Rxg4 Qg1+ 49. Kxf3 Qh1+ 50. Ke3 Qxd5 51. Rf4
Qe6+ 52. Kd3 f5 53. g4 Qxh6 54. Rxf5+ Ke7 55. f3 Qg6 56. Ke4 c5 57. Bf6+ Ke6
58. Kf4 Kd6 59. Bh8 Qh6+ 60. Ke4 Qh1 61. Bf6 Qe1+ 62. Kd3 b5 63. Be5+ Ke6 64.
Bf6 Qd1+ 65. Ke3 Qe1+ 66. Kd3 Qd1+ 67. Ke3 b4 68. cxb4 cxb4 69. Kf4 Qd2+ 70.
Kg3 b3 71. Bh8 b2 72. Bxb2 Qxb2 73. Kh4 Qh2+ 74. Kg5 Qd2+ 75. Kh5 Qh2+ 76. Kg5
Qd2+ 77. Kh5 Qe3 78. Rf8 Ke7 79. Rf5 Qd3 80. Kh6 Ke6 81. Kxh7 Qxf5+ 82. gxf5+
1/2-1/2

[Event "Mercredi 2023.11.22 ABCD"]
[Site "Montreal CAN"]
[Date "2023.11.22"]
[Round "1"]
[White "Deboosere, Adam"]
[Black "Cote, Etienne"]
[Result "1-0"]
[WhiteElo "1934"]
[BlackElo "1819"]
[PlyCount "77"]
[EventDate "2023.11.22"]
[EventType "tourn"]
[EventRounds "5"]
[EventCountry "CAN"]

1. d4 Nf6 2. Nf3 g6 3. c4 Bg7 4. e3 O-O 5. Be2 d6 6. Nc3 Nbd7 7. O-O e5 8. Qc2
c6 9. Rd1 Qe7 10. b4 e4 11. Nd2 d5 12. a4 Rd8 13. b5 Nf8 14. Ba3 Qc7 15. a5 a6
16. bxc6 bxc6 17. Rdc1 Ne6 18. Na4 Qxa5 19. cxd5 cxd5 20. Be7 Rd7 21. Nc5 Qxa1
22. Rxa1 Rxe7 23. Nxe6 Rxe6 24. Nb3 Bf8 25. Qc7 Bd7 26. Nc5 Rc6 27. Qb7 Rxc5
28. Qxa8 Rc2 29. Qxa6 Kg7 30. h4 Bc8 31. Qa8 Be6 32. Kf1 h5 33. Qb8 Rc8 34. Qe5
Be7 35. f3 Kh7 36. Ra7 Nd7 37. Rxd7 Rc1+ 38. Kf2 Bb4 39. Qxe6 1-0

[Event "Mercredi 2023.11.22 ABCD"]
[Site "Montreal CAN"]
[Date "2023.11.22"]
[Round "1"]
[White "Gadbois, Patrick"]
[Black "Morin-Pare, Victor"]
[Result "0-1"]
[WhiteElo "1907"]
[BlackElo "1868"]
[PlyCount "66"]
[EventDate "2023.11.22"]
[EventType "tourn"]
[EventRounds "5"]
[EventCountry "CAN"]

1. d4 Nf6 2. Nf3 e6 3. e3 b6 4. Bd3 Bb7 5. O-O Be7 6. b3 O-O 7. Nbd2 c5 8. Bb2
Nc6 9. a3 Rc8 10. Qe2 cxd4 11. exd4 d5 12. Ne5 Nxe5 13. dxe5 Nd7 14. f4 Nc5 15.
Bxh7+ Kxh7 16. Qh5+ Kg8 17. Rf3 f5 18. Rh3 Ne4 19. Nxe4 fxe4 20. Qg6 Rxc2 21.
Qxe6+ Rf7 22. Qg6 Bc5+ 23. Kh1 Rxb2 24. f5 Bc8 25. e6 Rf6 26. Qh7+ Kf8 27. Qh8+
Ke7 28. Qxg7+ Kd6 29. Rh8 Qe7 30. Qg3+ Kc6 31. Rxc8+ Kb5 32. Rc7 Qd6 33. Qg7
Rxf5 {time} 0-1

[Event "Mercredi 2023.11.22 ABCD"]
[Site "Montreal CAN"]
[Date "2023.11.22"]
[Round "1"]
[White "Giard, Antoine"]
[Black "Destree, Frederic"]
[Result "1-0"]
[WhiteElo "1813"]
[BlackElo "1791"]
[PlyCount "87"]
[EventDate "2023.11.22"]
[EventType "tourn"]
[EventRounds "5"]
[EventCountry "CAN"]

1. e4 d6 2. d4 Nf6 3. Nc3 g6 4. f4 Bg7 5. Nf3 c5 6. Bb5+ Bd7 7. e5 Bxb5 8. exf6
Bxf6 9. Nxb5 Qa5+ 10. Nc3 cxd4 11. Nxd4 Nc6 12. Nxc6 Bxc3+ 13. bxc3 Qxc3+ 14.
Bd2 Qxc6 15. O-O Rc8 16. c3 O-O 17. f5 Qc5+ 18. Kh1 gxf5 19. Bh6 Rfe8 20. Qh5
Qxc3 21. Qxf5 Qf6 22. Qg4+ Qg6 23. Qh3 Kh8 24. Rf3 Rg8 25. Raf1 f6 26. Rg3 Qc2
27. Qe6 Rxg3 28. hxg3 Qc4 29. Rxf6 Qxe6 30. Rxe6 Re8 31. Bg5 Kg8 32. Rxe7 Rxe7
33. Bxe7 d5 34. Kg1 Kf7 35. Bc5 a6 36. Kf2 Ke6 37. Bd4 h5 38. Kf3 Kf5 39. Bb6
Ke5 40. Ke3 Kd6 41. a4 Kc6 42. a5 Kb5 43. Kd4 Kc6 44. Ke5 1-0

[Event "Mercredi 2023.11.22 ABCD"]
[Site "Montreal CAN"]
[Date "2023.11.22"]
[Round "1"]
[White "Guillemette, Hugo"]
[Black "Singher, Jean-Pierre"]
[Result "1/2-1/2"]
[WhiteElo "2096"]
[BlackElo "1956"]
[PlyCount "114"]
[EventDate "2023.11.22"]
[EventType "tourn"]
[EventRounds "5"]
[EventCountry "CAN"]

1. e4 c5 2. Nf3 Nc6 3. Bb5 Nf6 4. Bxc6 dxc6 5. d3 g6 6. h3 Bg7 7. Nc3 O-O 8.
Bf4 Nd7 9. Qd2 e5 10. Bh6 Qe7 11. Bxg7 Kxg7 12. O-O Re8 13. Nh2 Nf8 14. f4 exf4
15. Rxf4 Ne6 16. Rf2 Qg5 17. Qxg5 Nxg5 18. h4 Ne6 19. Raf1 Re7 20. Ne2 Nd4 21.
Ng3 Be6 22. Nf3 Nxf3+ 23. Rxf3 Rd8 24. Nf5+ gxf5 25. exf5 Bxf5 26. Rxf5 Rd5 27.
R5f4 h5 28. Kh2 Rd4 29. Kg3 Rxf4 30. Rxf4 Re2 31. Rc4 Re5 32. Kf3 Kf6 33. g4
hxg4+ 34. Rxg4 Re1 35. Rc4 Re5 36. b3 Kg6 37. Re4 Rf5+ 38. Kg3 Kf6 39. Re8 Rf1
40. Rb8 b6 41. Rb7 Rc1 42. Rxa7 Rxc2 43. Rc7 Rxa2 44. Rxc6+ Ke7 45. Rxb6 Rd2
46. h5 Rxd3+ 47. Kf4 c4 48. bxc4 Rd4+ 49. Kg5 Rxc4 50. Kh6 Rg4 51. Kh7 Rg5 52.
h6 Rg2 53. Rb7+ Kf8 54. Rb8+ Ke7 55. Rg8 Rh2 56. Rg1 Kf8 57. Ra1 Rg2 1/2-1/2

[Event "Mercredi 2023.11.22 ABCD"]
[Site "Montreal CAN"]
[Date "2023.11.22"]
[Round "1"]
[White "Jia, Zhe"]
[Black "Pelletier, Arnaud"]
[Result "1/2-1/2"]
[WhiteElo "1831"]
[BlackElo "1730"]
[PlyCount "84"]
[EventDate "2023.11.22"]
[EventType "tourn"]
[EventRounds "5"]
[EventCountry "CAN"]

1. d4 Nf6 2. c4 e6 3. Bg5 d5 4. e3 Be7 5. Nc3 Nbd7 6. Nf3 h6 7. Bh4 O-O 8. Qc2
a6 9. Rc1 Re8 10. Bd3 dxc4 11. Bxc4 b5 12. Bd3 c5 13. O-O Bb7 14. Qe2 Rc8 15.
Rfd1 Qb6 16. Bb1 Ba8 17. Ne5 cxd4 18. exd4 Qb7 19. f3 Nb6 20. Qd3 Red8 21. Bf2
Nbd5 22. Nxd5 Qxd5 23. h3 Bd6 24. Ng4 Nxg4 25. Qh7+ Kf8 26. hxg4 Rxc1 27. Rxc1
Qg5 28. Rc3 Bd5 29. Qc2 Qf4 30. g3 Qf6 31. Qd1 Ke7 32. b3 Kd7 33. Re3 Rc8 34.
Kg2 Qd8 35. Be4 Qc7 36. Bxd5 exd5 37. Re2 Qc3 38. Qb1 g6 39. Qd1 Qc1 40. Qd3
Rc3 41. Qd2 Qxd2 42. Rxd2 Ba3 1/2-1/2

[Event "Mercredi 2023.11.22 ABCD"]
[Site "Montreal CAN"]
[Date "2023.11.22"]
[Round "1"]
[White "Latorre, Vincent"]
[Black "Di Matteo, Alessio"]
[Result "1-0"]
[WhiteElo "2235"]
[BlackElo "2114"]
[PlyCount "83"]
[EventDate "2023.11.22"]
[EventType "tourn"]
[EventRounds "5"]
[EventCountry "CAN"]

1. e4 c5 2. Nf3 e6 3. g3 d5 4. exd5 exd5 5. d4 Nf6 6. Bg2 Be7 7. O-O O-O 8.
dxc5 Bxc5 9. Nbd2 h6 10. a3 Re8 11. b4 Bb6 12. Bb2 Bg4 13. Nb3 Nbd7 14. Qd3 Rc8
15. Rac1 a6 16. Nbd4 Ne4 17. Ne2 Bxf3 18. Bxf3 Ne5 19. Bxe5 Rxe5 20. c3 Qg5 21.
Rc2 Rce8 22. Nd4 h5 23. Bg2 Qg6 24. h4 Qf6 25. Rd1 g6 26. Qf3 Qe7 27. Bf1 Kg7
28. Kg2 Bxd4 29. cxd4 Rf5 30. Qd3 Qd6 31. Kg1 Re6 32. Bh3 Ref6 33. Bxf5 Rxf5
34. Qe3 Qf6 35. Kg2 g5 36. hxg5 Rxg5 37. Rh1 Qh6 38. Qf4 Rxg3+ 39. fxg3 Qg6 40.
Qe5+ Kh6 41. Rc8 Nf6 42. Rf1 1-0

[Event "Mercredi 2023.11.22 ABCD"]
[Site "Montreal CAN"]
[Date "2023.11.22"]
[Round "1"]
[White "Li, Yi Lin"]
[Black "Chapdelaine, Gwyn"]
[Result "1/2-1/2"]
[WhiteElo "2064"]
[BlackElo "2061"]
[PlyCount "122"]
[EventDate "2023.11.22"]
[EventType "tourn"]
[EventRounds "5"]
[EventCountry "CAN"]

1. e4 d5 2. exd5 Qxd5 3. Nc3 Qa5 4. d4 Nf6 5. Bd2 Bg4 6. Nf3 c6 7. Bc4 e6 8.
O-O Qh5 9. Be2 Nbd7 10. h3 Bxf3 11. Bxf3 Qh4 12. Ne2 Bd6 13. c4 e5 14. Qc1 h6
15. Ng3 g6 16. d5 cxd5 17. cxd5 Nb6 18. Re1 Rc8 19. Qd1 Kf8 20. Bc3 Re8 21. a3
Kg7 22. Re2 Re7 23. Re4 Nxe4 24. Nxe4 h5 25. Nxd6 Rd8 26. Bb4 Red7 27. Qe2 Rxd6
28. Bxd6 Rxd6 29. Qxe5+ Qf6 30. Re1 Qxe5 31. Rxe5 Kf6 32. Re8 Nxd5 33. Ra8 a6
34. Ra7 b5 35. Bxd5 Rxd5 36. Rxa6+ Ke5 37. Rb6 Kd4 38. Rc6 Re5 39. Kf1 Kd3 40.
f3 Kd2 41. Rc7 Re1+ 42. Kf2 Re2+ 43. Kf1 Re1+ 44. Kf2 Re2+ 45. Kg3 Kd3 46. b4
f6 47. Rc6 g5 48. Rxf6 h4+ 49. Kh2 Re5 50. Rc6 Kd4 51. Rc2 Kd3 52. Rc5 Kd4 53.
Rc2 Kd3 54. Rc5 Kd4 55. Rxe5 Kxe5 56. g3 Kd4 57. f4 gxf4 58. gxf4 Ke4 59. Kg2
Kxf4 60. Kf2 Ke4 61. Ke2 Kf4 1/2-1/2

[Event "Mercredi 2023.11.22 ABCD"]
[Site "Montreal CAN"]
[Date "2023.11.22"]
[Round "1"]
[White "Templonueva, Mark Geryl"]
[Black "Kozlov, Guennadi"]
[Result "1-0"]
[WhiteElo "1897"]
[BlackElo "1880"]
[PlyCount "71"]
[EventDate "2023.11.22"]
[EventType "tourn"]
[EventRounds "5"]
[EventCountry "CAN"]

1. d4 d5 2. c4 c6 3. Nc3 e6 4. e3 f5 5. g4 Nf6 6. gxf5 exf5 7. Nf3 Bb4 8. Bd2
Bxc3 9. Bxc3 Ne4 10. Rg1 g6 11. Qc2 Be6 12. O-O-O Nxc3 13. Qxc3 Qf6 14. Qb4 Qe7
15. Qc3 Qf6 16. Ne5 O-O 17. f4 Nd7 18. Rg5 Nxe5 19. dxe5 Qe7 20. h4 b5 21. c5
a5 22. h5 Bf7 23. hxg6 Bxg6 24. Be2 b4 25. Qd4 Kf7 26. Rh1 Ke6 27. e4 fxe4 28.
Bg4+ Kf7 29. Bh5 Ke8 30. Bxg6+ hxg6 31. Rxg6 Qf7 32. Rf6 Qg7 33. Rxc6 Rxf4 34.
Re6+ Kf8 35. Qxd5 Ra7 36. Qd8+ 1-0

[Event "Mercredi 2023.11.22 ABCD"]
[Site "Montreal CAN"]
[Date "2023.11.29"]
[Round "2"]
[White "Cote, Etienne"]
[Black "Kozlov, Guennadi"]
[Result "1-0"]
[WhiteElo "1819"]
[BlackElo "1880"]
[PlyCount "59"]
[EventDate "2023.11.22"]
[EventType "tourn"]
[EventRounds "5"]
[EventCountry "CAN"]

1. e4 c6 2. Nc3 e6 3. d4 d5 4. Nf3 Bb4 5. e5 c5 6. a3 Bxc3+ 7. bxc3 Nc6 8. Bd3
Nge7 9. O-O c4 10. Be2 O-O 11. Ng5 h6 12. Nh3 Nf5 13. Re1 Kh7 14. g4 Nh4 15. g5
Rg8 16. Kh1 Nf5 17. Bg4 Nce7 18. gxh6 gxh6 19. Nf4 Ng7 20. Re3 Nef5 21. Rh3 Qe7
22. Bxf5+ Nxf5 23. Nh5 Rg6 24. Nf6+ Kg7 25. Qh5 Bd7 26. Bf4 Rh8 27. Rg1 Ba4 28.
Bg5 Qf8 29. f3 hxg5 30. Qh7+ 1-0

[Event "Mercredi 2023.11.22 ABCD"]
[Site "Montreal CAN"]
[Date "2023.11.29"]
[Round "2"]
[White "Deboosere, Adam"]
[Black "Gadbois, Patrick"]
[Result "1-0"]
[WhiteElo "1934"]
[BlackElo "1907"]
[PlyCount "49"]
[EventDate "2023.11.22"]
[EventType "tourn"]
[EventRounds "5"]
[EventCountry "CAN"]

1. e4 e6 2. d4 d5 3. Nc3 Nf6 4. Bg5 Be7 5. e5 Nfd7 6. h4 a6 7. Qg4 Bxg5 8. hxg5
c5 9. dxc5 Nxe5 10. Qg3 Nbc6 11. O-O-O Qa5 12. f4 Nd7 13. g6 Nf6 14. gxf7+ Kxf7
15. Nf3 g6 16. Bd3 Bd7 17. Ne5+ Ke7 18. Qg5 Raf8 19. Rxh7+ Rxh7 20. Nxg6+ Kf7
21. Nxf8 Rg7 22. Bg6+ Kxf8 23. Qxf6+ Kg8 24. Rh1 Qxc5 25. Bf7+ 1-0

[Event "Mercredi 2023.11.22 ABCD"]
[Site "Montreal CAN"]
[Date "2023.11.29"]
[Round "2"]
[White "Di Matteo, Alessio"]
[Black "Genzling, Jerome"]
[Result "0-1"]
[WhiteElo "2114"]
[BlackElo "2124"]
[PlyCount "130"]
[EventDate "2023.11.22"]
[EventType "tourn"]
[EventRounds "5"]
[EventCountry "CAN"]

1. d4 d5 2. c4 e6 3. Nc3 Nf6 4. cxd5 exd5 5. Bg5 c6 6. e3 Bf5 7. Qb3 Qb6 8.
Bxf6 gxf6 9. Nf3 h6 10. Be2 Nd7 11. O-O Bd6 12. Rac1 Qxb3 13. axb3 Nb6 14. Rfd1
Rg8 15. Ne1 Kd7 16. Nd3 Rae8 17. Nc5+ Kc8 18. b4 a6 19. b5 axb5 20. Nxb5 Bb8
21. Nc3 Bd6 22. b4 Nd7 23. Nxd5 Bxc5 24. Rxc5 Be4 25. Nf4 Nxc5 26. bxc5 Bd5 27.
Bh5 Re7 28. h3 f5 29. Re1 Kc7 30. Re2 Rd7 31. f3 Be6 32. Kf2 Rb8 33. Nd3 Rdd8
34. Ne5 f6 35. Ng6 Ra8 36. Re1 Ra2+ 37. Kg1 Rda8 38. Nf4 Bd7 39. Kh2 Ra1 40.
Re2 R8a2 41. Kg3 Rxe2 42. Nxe2 Ra2 43. Nf4 Kd8 44. Bf7 Ra3 45. Kf2 Ke7 46. Bc4
Rc3 47. Ng6+ Kd8 48. Bf7 Rc2+ 49. Kg3 Re2 50. Kf4 Rxg2 51. Nh4 Rh2 52. Kg3 Rh1
53. Kg2 Re1 54. Kf2 Rh1 55. Kg3 f4+ 56. Kxf4 Bxh3 57. Bg6 Rg1 58. Bf5 Bxf5 59.
Kxf5 Ke7 60. Ng6+ Kf7 61. Nf4 h5 62. Ne6 h4 63. Nd8+ Ke7 64. Nxb7 h3 65. d5
cxd5 0-1

[Event "Mercredi 2023.11.22 ABCD"]
[Site "Montreal CAN"]
[Date "2023.11.29"]
[Round "2"]
[White "Guillemette, Hugo"]
[Black "Cardin, Guillaume"]
[Result "0-1"]
[WhiteElo "2096"]
[BlackElo "2064"]
[PlyCount "102"]
[EventDate "2023.11.22"]
[EventType "tourn"]
[EventRounds "5"]
[EventCountry "CAN"]

1. e4 e5 2. Nf3 Nc6 3. Bb5 Nf6 4. O-O Nxe4 5. d4 Nd6 6. Bxc6 dxc6 7. dxe5 Nf5
8. Qxd8+ Kxd8 9. h3 Ke8 10. Nc3 h5 11. Bg5 Be6 12. Rfd1 Be7 13. Rd2 Rd8 14.
Rad1 Rxd2 15. Rxd2 h4 16. b3 Rh5 17. Bxe7 Nxe7 18. Rd4 Ng6 19. Re4 Bd5 20. Nxd5
cxd5 21. Rg4 Nxe5 22. Rxg7 Kf8 23. Rg4 Nxg4 24. hxg4 Rh6 25. Nd4 Ra6 26. a4 c5
27. Nb5 d4 28. f3 Re6 29. Kf2 a6 30. Na3 Re3 31. a5 Rc3 32. Ke2 Ke7 33. Kd2 h3
34. gxh3 Rxf3 35. Nc4 Rxh3 36. Ne5 Rg3 37. Nd3 Kd6 38. Nf2 Kc6 39. Nd3 f6 40.
Nf2 Rg2 41. Ke2 Rg3 42. Kd2 Kb5 43. Ne4 Rxg4 44. Nxf6 Rg2+ 45. Kd3 Kxa5 46. Ne4
Kb6 47. Nd6 Kc6 48. Ne4 b5 49. Nf6 Rg3+ 50. Kd2 a5 51. Ne4 Rg2+ 0-1